CRC handbook of chemistry and physics: a ready-reference book of chemical and physical data

Guardat en:
Dades bibliogràfiques
Autors principals: Weast, Robert C (Autor), Lide, David R (Autor)
Format: Llibre
Idioma:anglès
Publicat: Boca Ratón CRC 1989
Edició:70a. ed
Matèries:
Etiquetes: Afegir etiqueta
Sense etiquetes, Sigues el primer a etiquetar aquest registre!

MARC

LEADER 00000nam a2200000 a 4500
001 UCX0232
003 CL-VaPUC
008 890829e19890000US |||||||||||||||||eng|d
082 0 4 |a 540  |b WEA  |2 21 
100 0 |a Weast, Robert C  |e author  |9 315613 
700 |a Lide, David R  |e author  |9 497983 
245 1 0 |a CRC handbook of chemistry and physics: a ready-reference book of chemical and physical data 
250 |a 70a. ed 
300 |a 1700 p 
942 |c BK 
945 |d 19890829 00:00:00 
260 |a Boca Ratón  |b CRC  |c 1989 
650 7 |a QUIMICA TABLAS  |2 CL-VaPUC  |9 315615 
650 7 |a FISICA TABLAS  |2 CL-VaPUC  |9 270341 
583 |a last modification  |c 19890829 00:00:00  |k Rodrigo Vera 
999 |c 221897  |d 221895